000 01301cam a22002771i 4500
003 SA-RiAUC
005 20250113082755.0
008 250107s1994 le g 000 0 ara c
040 _aSA-RiAUC
_bara
_cSA-RiAUC
_erda
082 0 4 _a214.69
090 _a214.69
_b ث ق ف
100 1 _aالثقفي، المرجي
_eمؤلف.
245 1 0 _aكتاب الحيطان :
_bأحكام الطرق والسطوح والأبواب ومسيل المياه والحيطان في الفقه الإسلامي /
_cالمرجي الثقفي ؛ حققه محمد خير رمضان يوسف.
246 3 0 _aالحيطان
264 1 _aبيروت :
_bدار الفكر المعاصر،
_c1994
300 _a208 صفحة ؛
_c24 سم.
336 _aنص
_btxt
_2rdacontent
_3كتاب
337 _aبدون وسيط
_bn
_2rdamedia
338 _aمجلد
_bnc
_2rdacarrier
490 0 _aإصدارات مركز جمعة الماجد للثقافة والتراث (دبي، الإمارات العربية المتحدة)
590 _aUn exemplaire est recu le 27/02/96 de (266) F : dans le cadre d'échange.
650 7 _aالبناء (فقه إسلامي)
_2aucsh
700 1 _aيوسف، محمد خير رمضان،
_d1956-
_eمحقق.
942 _2ddc
_cBOOK
_n0
949 _aSA-JeALM
_d250107
_umohamedma123
_n1
999 _c4684
_d4684